ბათუმის შოთა რუსთაველის სახელმწიფო უნივერსიტეტის ბიბლიოთეკა

Дипломатическая служба. №2. (77) 2018. (ბიბ.ჩანაწერი № 56323)

000 -LEADER
fixed length control field 00546nam a2200169Ia 4500
001 - CONTROL NUMBER
control field 23436
003 - CONTROL NUMBER IDENTIFIER
control field GE_BSU
008 - FIXED-LENGTH DATA ELEMENTS--GENERAL INFORMATION
fixed length control field 181216s||||||||xx |||||||||||||| ||und||
040 ## - CATALOGING SOURCE
Transcribing agency GE_BSU
245 ## - TITLE STATEMENT
Title Дипломатическая служба. №2. (77) 2018.
245 ## - TITLE STATEMENT
Remainder of title Научно-практический журнал
245 ## - TITLE STATEMENT
Statement of responsibility, etc. Гл. ред. Винокуров В. И.
653 ## - INDEX TERM--UNCONTROLLED
Uncontrolled term Дипломатическая служба. №2. (77) 2018.
653 ## - INDEX TERM--UNCONTROLLED
Uncontrolled term Периодика
653 ## - INDEX TERM--UNCONTROLLED
Uncontrolled term პერიოდიკა
942 ## - ADDED ENTRY ELEMENTS (KOHA)
Koha item type პერიოდიკა

არაა ხელმისაწვდომი ეგზემპლარები.